İnsan bilimleri ve felsefe (Record no. 894)

MARC details
000 -BAŞLIK
Sabit Uzunlukta Kontrol Alanı 00825na a2200277 4500
001 - KONTROL NUMARASI
Denetim Alanı 12664
003 - KONTROL NUMARASI IDENTIFIER
Denetim Alanı MIRAKIL
005 - SON İŞLEM TARİHİ VE ZAMANI
Denetim Alanı 20181213154805.0
008 - SABİT-BOY VERİ ELEMANLARI - GENEL BİLGİLER
Sabit Uzunlukta Kontrol Alanı 160821b tu 000 0
035 ## - SİSTEM KONTROL NUMARASI
Sistem Kontrol Numarası 12664
040 ## - KATALOGLAMA KAYNAK
Orijinal Kataloglama Ajansı Milas
Kataloglama Dili tur
Metne Dönüştürmek Ajansı TR-AnCHP
082 ## - DEWEY ONLU SINIFLANDIRMA NUMARASI
Sınıflandırma Numarası 301.01
Ürün Numarası G64i 1977
090 ## - SINIFLAMA NUMARASI
Sınıflama Numarası 301.01 G64i 1977
100 ## - ANA GİRİŞ - KİŞİSEL İSİM
Kişisel Ad Goldmann, Lucien
245 ## - BAŞLIK TABLOSU
Başlık İnsan bilimleri ve felsefe
Sorumluluk Tablosu, Vb Lucien Goldmann ; Çeviren Afşar Timuçin, Füsun Aynuksa
260 ## - YAYIN, DAĞITIM, VB
Yayın, Dağıtım, Vb Yeri İstanbul
Yayıncı, Dağıtıcı, Vs Adı Kavram Yayınları
Yayın, Dağıtım, Vb Tarihi 1977
300 ## - FİZİKSEL TANIM
Kapsam 140 s.
Boyutlar 20 sm.
490 ## - SERİSİ TABLOSU
Seri Beyanı Bilim ve Felsefe dizisi
Hacim / Ardışık Tanımı 4
490 ## - SERİSİ TABLOSU
Seri Beyanı Kavram yayınları
Hacim / Ardışık Tanımı 6
500 ## - GENEL NOT
Genel Not Özgün yapıt adı : Sciences humaines et philosophie
650 ## - KONU KATMA GİRİŞ - TOPİKAL DÖNEM
Topikal Süreli Veya Coğrafi Ad Giriş Elemanı İnsan bilimleri
Genel Alt Bölümü Felsefe
650 ## - KONU KATMA GİRİŞ - TOPİKAL DÖNEM
Topikal Süreli Veya Coğrafi Ad Giriş Elemanı Felsefe
700 ## - KATMA GİRİŞ - KİŞİSEL İSİM
Kişisel Ad Aynuksa, Füsun
700 ## - KATMA GİRİŞ - KİŞİSEL İSİM
Kişisel Ad Timuçin, Afşar
942 ## - EKLENDİ GİRİŞ ELEMANLARI (KOHA)
Sınıflandırma Veya Raf Düzeni Kaynak Dewey Decimal Classification
Koha Öğesi Türü Books
999 ## - SİSTEM KONTROL NUMARALARI (KOHA)
Koha Biblionumber 894
Koha Biblioitemnumber 894
Holdings
Kalıcı Konum Mevcut Konum Edinme Tarihi Edinim Kaynak Toplam Check-Out'Lar Tam Çağrı Numarası Barkod Tarih Son Görülme İtibaren Geçerli Fiyatlar Koha Öğesi Türü
CHP Kütüphanesi CHP Kütüphanesi 07/30/2016 Bağış   301.01 G64i 1977 000518 07/30/2016 07/30/2016 Books